| 000 | 01039nam a2200253 u 4500 | ||
|---|---|---|---|
| 001 | 000398783 | ||
| 003 | AM-YeHGA | ||
| 005 | 20250618072351.0 | ||
| 008 | 041221s1989 ai r 000 0 arm d | ||
| 020 | _a5807701143 | ||
| 040 | _aAM-YeHGA | ||
| 041 | 1 |
_aarm _hrus |
|
| 100 | 1 | _aԳրիշին, Վլադիմիր Գրիգորևիչ | |
| 245 | 1 | 0 |
_aՇախմատային այբուբեն : _bԴպր. կրտսեր տարիքի համար / _cՎ.Գ. Գրիշին, Ե.Ի. Իլյին; Թարգմ.՝ Գ. Իսրայելյան; Նկ.՝ Վ. Քոչար. |
| 246 | 3 | 7 | _aՇախմատային այբուբեն կամ առաջին քայլերը խաղատախտակի վրա |
| 260 |
_aԵրևան : _bԱրևիկ, _c1989. |
||
| 300 |
_a80 էջ : _bնկ. ; _c26 սմ. |
||
| 440 | 0 | _aԳիտունիկ | |
| 500 | _aՀավելված, էջ՝ 79 | ||
| 650 | 1 | 4 | _aՇախմատ |
| 700 | 1 |
_aԻսրայելյան, Գարիկ Գուրգենի, _d1948- _eթարգմ. _4trl _93579 |
|
| 700 | 1 |
_aՔոչար, Վահան, _d1949- _eնկ. _4art _93694 |
|
| 090 | _c152457 | ||
| 999 |
_c151064 _d151064 |
||